000 00253nam a2200109Ia 4500
005 20251222153550.0
008 251222s9999||||xx |||||||||||||| ||spa||
082 _a869.56/C24D
100 _a"Camino Calderón, Carlos"
245 0 _aEl Daño
942 _cLIB
999 _c30808
_d30808